Lecturas sobre políticas sociales en Argentina (Registro nro. 1200)
[ vista simple ]
| 000 -LEADER | |
|---|---|
| fixed length control field | 02371 a2200229 4500 |
| 001 - CONTROL NUMBER | |
| control field | 24538 |
| 005 - DATE AND TIME OF LATEST TRANSACTION | |
| control field | 20260407155529.0 |
| 008 - FIXED-LENGTH DATA ELEMENTS--GENERAL INFORMATION | |
| fixed length control field | 260407a2011 arg spa d |
| 003 - CONTROL NUMBER IDENTIFIER | |
| control field | AR-UNSa-BCEJYS |
| 040 ## - CATALOGING SOURCE | |
| Original cataloging agency | AR-UNSa-BCEJYS |
| Language of cataloging | spa |
| Transcribing agency | AR-UNSa-BCEJYS |
| 080 ## - UNIVERSAL DECIMAL CLASSIFICATION NUMBER | |
| Universal Decimal Classification number | 304.9 |
| Common auxiliary subdivision | Crítica de la situación social. Planes para la mejora de la sociedad. Utopías sociales |
| 020 ## - INTERNATIONAL STANDARD BOOK NUMBER | |
| International Standard Book Number | 978-987-1732-35-7 |
| 100 1# - MAIN ENTRY--PERSONAL NAME | |
| Personal name | Lacaze, María Victoria |
| 245 10 - TITLE STATEMENT | |
| Title | Lecturas sobre políticas sociales en Argentina |
| Name of part/section of a work | elementos jurídicos y económicos para la reflexión |
| 264 #1 - PRODUCTION, PUBLICATION, DISTRIBUTION, MANUFACTURE, AND COPYRIGHT NOTICE | |
| Place of production, publication, distribution, manufacture | Mar del Plata : |
| Name of producer, publisher, distributor, manufacturer | Ediciones Suárez |
| Date of production, publication, distribution, manufacture, or copyright notice | 2011 |
| 300 ## - PHYSICAL DESCRIPTION | |
| Extent | 290 p. |
| Dimensions | 22 cm. |
| 505 ## - FORMATTED CONTENTS NOTE | |
| Formatted contents note | Parte I : Estado y sociedad civil en la historia de las políticas sociales argentinas : 1. La expansión del Estado, las necesidades sociales y la división social del trabajo : elementos para una reflexión - 2. Las políticas sociales como instrumentos de una elite hegemónica para la construcción de un Estado liberal - 3. Actores sociales y políticos frente a factores sociales y económicos : El dilema del Estado y la sociedad civil en la Argentina anterior al "Estado social" - 4. La ayuda social como instrumento de legitimación : Una comparación de dos modelos contrapuestos - Parte II : Tópicos en políticas de salud, trabajo y educación : 5. El sistema de saluden la Argentina : historia y desafios a futuros - 6. Análisis comparativos de modelos de regulación laboral y notas sobre el contrato individual en Argentina - 7. El sistema educativo argentino - 8. Pautas para la construcción de un seguro nacional de salud - 9. El sistema de relaciones colectivas de trabajo - 10. La descentralización de las Universidades Nacionales y las finanzas públicas provinciales : Implicancia de su tranferencia - 11. Los desafios en torno a las políticas de medicamentos genéricos y formularios terapéuticos - Parte III : Elementos para el diagnóstico y la orientación de politicas sociales : 12. Elementos articuladores en los pardigmas de la política social - 13. Elementos del debate teórico- metodológico en torno a la nación de pobreza. |
| 590 ## - LOCAL NOTE (RLIN) | |
| Local note | niveau_biblio:m niveau_hierar:0 |
| 700 1# - ADDED ENTRY--PERSONAL NAME | |
| Personal name | Bostiancic, María Carla |
| 856 41 - ELECTRONIC LOCATION AND ACCESS | |
| Uniform Resource Identifier | <a href="https://biblioeco.unsa.edu.ar/pmb/images/libros/Lecturas sobre pol?ticas sociales en Argentina-l118620.jpg">https://biblioeco.unsa.edu.ar/pmb/images/libros/Lecturas sobre pol?ticas sociales en Argentina-l118620.jpg</a> |
| Link text | Imagen de portada |
| Electronic format type | image/jpeg |
| 942 ## - ADDED ENTRY ELEMENTS (KOHA) | |
| Koha item type | |
| Withdrawn status | Lost status | Damaged status | Not for loan | Home library | Current library | Shelving location | Date acquired | Total checkouts | Full call number | Barcode | Date last seen | Price effective from | Koha item type |
|---|---|---|---|---|---|---|---|---|---|---|---|---|---|
| Biblioteca Prof. Eusebio Cleto del Rey | Biblioteca Prof. Eusebio Cleto del Rey | 07/04/2026 | 304.9 L128 | L118620 | 07/04/2026 | 07/04/2026 | Libro |